[Event "WC-2018-T-00001"]
[Site "LSS email"]
[Date "2018.06.12"]
[Round "?"]
[White "O'Toole, Roger"]
[Black "Kovacs, Arthur"]
[Result "1/2-1/2"]
[WhiteElo "2411"]
[BlackElo "2482"]
[PlyCount "49"]
[EventDate "2018.06.19"]
[EventType "tourn (corr)"]
[EventRounds "10"]
[EventCountry "GER"]
[SourceTitle "Corr 2022"]
[Source "ChessBase"]
[SourceDate "2021.10.24"]
[SourceVersion "1"]
[SourceVersionDate "2021.10.24"]
[SourceQuality "1"]

1. e4 e5 2. Nf3 Nc6 3. Bb5 a6 4. Ba4 Nf6 5. 0-0 Be7 6. Re1 b5 7. Bb3 d6 8. c3 0-0 9. h3 Bb7 10. d4 Re8 11. Nbd2 Bf8 12. a4 h6 13. Bc2 exd4 14. cxd4 Nb4 15. Bb1 c5 16. d5 Nd7 17. Ra3 c4 18. Ree3 Nc5 19. b3 c3 20. Rxc3 f5 21. axb5 axb5 22. Nd4 fxe4 23. Rxa8 Bxa8 24. Rg3 Qd7 25. Ne6 1/2-1/2

[Event "WC-2017-S-00001"]
[Site "LSS email"]
[Date "2017.06.07"]
[Round "?"]
[White "O'Toole, Roger"]
[Black "Mroczek, Jacek"]
[Result "1/2-1/2"]
[WhiteElo "2413"]
[BlackElo "2236"]
[PlyCount "84"]
[EventDate "2017.06.15"]
[EventType "tourn (corr)"]
[EventRounds "12"]
[EventCountry "GER"]
[SourceTitle "Corr 2022"]
[Source "ChessBase"]
[SourceDate "2021.10.24"]
[SourceVersion "1"]
[SourceVersionDate "2021.10.24"]
[SourceQuality "1"]

1. e4 e6 2. d4 d5 3. Nc3 Bb4 4. e5 c5 5. a3 Bxc3+ 6. bxc3 Qa5 7. Bd2 Qa4 8. Qb1 c4 9. Ne2 Nc6 10. Nf4 Bd7 11. Qd1 0-0-0 12. g3 Nge7 13. Bh3 Kb8 14. 0-0 Rhg8 15. Re1 Rdf8 16. Bg2 Nc8 17. Qc1 Nb6 18. Qd1 Ka8 19. h4 Qa5 20. a4 Nxa4 21. Qf3 Ne7 22. Ra2 Bc6 23. Bh3 b5 24. Nh5 Qc7 25. Bc1 Nc8 26. Ba3 Rd8 27. Nf4 Rd7 28. Raa1 Qd8 29. h5 Rb7 30. Bc1 h6 31. Ba3 a5 32. Bc1 Rh8 33. Bd2 Qg8 34. Ng2 Qh7 35. Ne3 Re8 36. Qe2 Qg8 37. f4 g6 38. Kh2 Ne7 39. g4 Bd7 40. Rf1 Qh8 41. f5 g5 42. Bg2 Ka7 1/2-1/2

[Event "WC-2017-S-00001"]
[Site "LSS email"]
[Date "2017.06.07"]
[Round "?"]
[White "Wosch, Arkadiusz Janusz"]
[Black "O'Toole, Roger"]
[Result "1/2-1/2"]
[WhiteElo "2358"]
[BlackElo "2413"]
[PlyCount "60"]
[EventDate "2017.06.15"]
[EventType "tourn (corr)"]
[EventRounds "12"]
[EventCountry "GER"]
[SourceTitle "Corr 2022"]
[Source "ChessBase"]
[SourceDate "2021.10.24"]
[SourceVersion "1"]
[SourceVersionDate "2021.10.24"]
[SourceQuality "1"]

1. e4 c5 2. Nf3 d6 3. d4 cxd4 4. Nxd4 Nf6 5. Nc3 a6 6. Be3 e5 7. Nb3 Be6 8. f3 Be7 9. Qd2 0-0 10. 0-0-0 Nbd7 11. g4 b5 12. g5 Nh5 13. Nd5 Bxd5 14. exd5 f6 15. gxf6 Bxf6 16. Na5 Qe8 17. Qb4 Bd8 18. Nb7 Rxf3 19. Nxd6 Qe7 20. Be2 Rxe3 21. Bxh5 Nf6 22. Bf7+ Kf8 23. Rhf1 Bc7 24. Rxf6 gxf6 25. Be6 Bxd6 26. Qd2 Qa7 27. Qf2 Ke8 28. Qxf6 Re4 29. Bf5 Qe3+ 30. Kb1 Rd4 1/2-1/2

[Event "RM-2016-0-00167"]
[Site "LSS email"]
[Date "2016.05.09"]
[Round "?"]
[White "Szabo, Mihaly"]
[Black "O'Toole, Roger"]
[Result "1/2-1/2"]
[WhiteElo "2398"]
[BlackElo "2397"]
[PlyCount "56"]
[EventDate "2015.11.04"]
[EventType "tourn (corr)"]
[EventRounds "6"]
[EventCountry "GER"]
[SourceTitle "Corr 2022"]
[Source "ChessBase"]
[SourceDate "2021.10.24"]
[SourceVersion "1"]
[SourceVersionDate "2021.10.24"]
[SourceQuality "1"]

1. e4 c5 2. Nf3 d6 3. d4 cxd4 4. Nxd4 Nf6 5. Nc3 a6 6. Be3 e5 7. Nb3 Be6 8. h3 Be7 9. f4 Nc6 10. f5 Bxb3 11. axb3 Nb4 12. g3 d5 13. exd5 Qc7 14. Bg2 Rd8 15. 0-0 e4 16. Bf4 Qc5+ 17. Kh1 Nbxd5 18. Nxd5 Nxd5 19. Qg4 h5 20. Qe2 0-0 21. c3 Nxf4 22. Rxf4 Bg5 23. Rxe4 Rd2 24. Qxh5 Qf2 25. Qf3 Qxf3 26. Bxf3 Rxb2 27. b4 Rc8 28. Ra3 Kf8 1/2-1/2

[Event "RM-2016-0-00167"]
[Site "LSS email"]
[Date "2016.05.07"]
[Round "?"]
[White "O'Toole, Roger"]
[Black "Pascual Perez, Norge"]
[Result "1/2-1/2"]
[WhiteElo "2397"]
[BlackElo "2386"]
[PlyCount "67"]
[EventDate "2015.11.04"]
[EventType "tourn (corr)"]
[EventRounds "6"]
[EventCountry "GER"]
[SourceTitle "Corr 2022"]
[Source "ChessBase"]
[SourceDate "2021.10.24"]
[SourceVersion "1"]
[SourceVersionDate "2021.10.24"]
[SourceQuality "1"]

1. e4 e5 2. Nf3 Nc6 3. Bb5 a6 4. Ba4 Nf6 5. 0-0 Be7 6. Re1 b5 7. Bb3 d6 8. c3 0-0 9. h3 Nb8 10. d4 Nbd7 11. Nbd2 Bb7 12. Bc2 Re8 13. Nf1 Bf8 14. Ng3 g6 15. a4 c5 16. d5 c4 17. Bg5 Nc5 18. Qd2 Be7 19. Bh6 Nfd7 20. Nh2 Nxa4 21. Bxa4 bxa4 22. Rxa4 a5 23. Be3 Ba6 24. Ng4 Bf8 25. Rea1 Bb5 26. R4a2 a4 27. Bh6 Kh8 28. Rf1 f6 29. f4 Bxh6 30. Nxh6 Rf8 31. f5 g5 32. Ng4 Nc5 33. Kh2 Qe8 34. Qe2 1/2-1/2

[Event "BI-2016-F-0000"]
[Site "LSS email"]
[Date "2016.02.14"]
[Round "?"]
[White "O'Toole, Roger"]
[Black "Mauer, Klaus"]
[Result "1/2-1/2"]
[WhiteElo "2404"]
[BlackElo "1905"]
[PlyCount "71"]
[EventDate "2016.02.20"]
[EventType "tourn (corr)"]
[EventRounds "10"]
[EventCountry "GER"]
[SourceTitle "Corr 2022"]
[Source "ChessBase"]
[SourceDate "2021.10.24"]
[SourceVersion "1"]
[SourceVersionDate "2021.10.24"]
[SourceQuality "1"]

1. e4 e5 2. Nf3 Nc6 3. Bb5 f5 4. d3 fxe4 5. dxe4 Nf6 6. 0-0 Bc5 7. Bxc6 bxc6 8. Nxe5 0-0 9. Nc3 d6 10. Nd3 Bd4 11. Qe1 Qe8 12. Be3 Bxc3 13. Qxc3 Qxe4 14. Rae1 Qa4 15. b3 Nd5 16. Qd2 Qh4 17. Bg5 Qd4 18. c4 Bf5 19. Nc1 Qxd2 20. Bxd2 Nb6 21. Re7 Rf7 22. Rfe1 c5 23. R7e3 Nd7 24. Bc3 Raf8 25. Ne2 Bg6 26. f4 d5 27. cxd5 Nb6 28. Re5 Rd7 29. g3 Nxd5 30. Ba5 Nb4 31. Nc3 Nd3 32. Re7 Rf7 33. Rxd7 Rxd7 34. Re6 Nb4 35. Re5 Rd2 36. Bxc7 1/2-1/2

[Event "BI-2016-F-0000"]
[Site "LSS email"]
[Date "2016.02.14"]
[Round "?"]
[White "O'Toole, Roger"]
[Black "Zakharov, Oleg Yu"]
[Result "1/2-1/2"]
[WhiteElo "2404"]
[BlackElo "2303"]
[PlyCount "61"]
[EventDate "2016.02.20"]
[EventType "tourn (corr)"]
[EventRounds "10"]
[EventCountry "GER"]
[SourceTitle "Corr 2022"]
[Source "ChessBase"]
[SourceDate "2021.10.24"]
[SourceVersion "1"]
[SourceVersionDate "2021.10.24"]
[SourceQuality "1"]

1. e4 e5 2. Nf3 Nc6 3. Bb5 a6 4. Ba4 Nf6 5. 0-0 Be7 6. Re1 b5 7. Bb3 d6 8. c3 0-0 9. h3 Bb7 10. d4 Re8 11. Nbd2 Bf8 12. a3 h6 13. Bc2 Nb8 14. b3 Nbd7 15. Bb2 g6 16. Bd3 c6 17. Qc2 Nh5 18. Bf1 Rc8 19. Rad1 Qb6 20. Qc1 Rcd8 21. c4 exd4 22. Bxd4 c5 23. Ba1 b4 24. Nh2 Nhf6 25. axb4 cxb4 26. Bd3 Bg7 27. Bc2 a5 28. Bb2 Ne5 29. Qa1 Nh5 30. Ndf3 Nf4 31. Nd4 1/2-1/2

[Event "OP-2015-0-03826"]
[Site "LSS email"]
[Date "2015.09.24"]
[Round "?"]
[White "Komarov, Valerij"]
[Black "O'Toole, Roger"]
[Result "0-1"]
[WhiteElo "627"]
[BlackElo "2396"]
[PlyCount "48"]
[EventDate "2015.09.20"]
[EventType "tourn (corr)"]
[EventRounds "4"]
[EventCountry "GER"]
[SourceTitle "Corr 2022"]
[Source "ChessBase"]
[SourceDate "2021.10.24"]
[SourceVersion "1"]
[SourceVersionDate "2021.10.24"]
[SourceQuality "1"]

1. e4 c5 2. Nc3 Nc6 3. f4 g6 4. Nf3 Bg7 5. Bc4 e6 6. 0-0 Nge7 7. Qe2 0-0 8. e5 d6 9. a3 dxe5 10. fxe5 Nd4 11. Qe4 Nxf3+ 12. Rxf3 Nc6 13. Rd3 Bd7 14. Bb5 Nxe5 15. Rd6 Qc7 16. Rxd7 Nxd7 17. d3 a6 18. Bc4 b5 19. Ba2 b4 20. axb4 cxb4 21. Na4 Qxc2 22. Qxb4 Qd1+ 23. Kf2 Ne5 24. Nb6 Nxd3+ 0-1

[Event "OP-2015-0-03826"]
[Site "LSS email"]
[Date "2015.09.24"]
[Round "?"]
[White "O'Toole, Roger"]
[Black "Frendzas, Panayotis"]
[Result "1/2-1/2"]
[WhiteElo "2396"]
[BlackElo "2541"]
[PlyCount "40"]
[EventDate "2015.09.20"]
[EventType "tourn (corr)"]
[EventRounds "4"]
[EventCountry "GER"]
[SourceTitle "Corr 2022"]
[Source "ChessBase"]
[SourceDate "2021.10.24"]
[SourceVersion "1"]
[SourceVersionDate "2021.10.24"]
[SourceQuality "1"]

1. e4 c5 2. Nf3 d6 3. d4 cxd4 4. Nxd4 Nf6 5. Nc3 a6 6. Be3 Ng4 7. Bg5 h6 8. Bh4 g5 9. Bg3 Bg7 10. h3 Ne5 11. Nf5 Bxf5 12. exf5 Nbd7 13. Nd5 Nb6 14. c3 Nxd5 15. Qxd5 Qd7 16. 0-0-0 Qxf5 17. Qxb7 0-0 18. Qxe7 Bf6 19. Qb7 Rab8 20. Qd5 Rxb2 1/2-1/2

[Event "WC-2015-Q-00004"]
[Site "LSS email"]
[Date "2015.09.08"]
[Round "?"]
[White "O'Toole, Roger"]
[Black "Almeida, Ramiro"]
[Result "1/2-1/2"]
[WhiteElo "2396"]
[BlackElo "2285"]
[PlyCount "75"]
[EventDate "2015.09.15"]
[EventType "tourn (corr)"]
[EventRounds "12"]
[EventCountry "GER"]
[SourceTitle "Corr 2022"]
[Source "ChessBase"]
[SourceDate "2021.10.24"]
[SourceVersion "1"]
[SourceVersionDate "2021.10.24"]
[SourceQuality "1"]

1. e4 c5 2. Nf3 Nc6 3. Bb5 d6 4. 0-0 Bd7 5. Re1 Nf6 6. c3 a6 7. Bf1 Bg4 8. h3 Bxf3 9. Qxf3 e6 10. d3 Be7 11. Nd2 0-0 12. Qe2 d5 13. g3 Rc8 14. Bg2 d4 15. Nf3 Nd7 16. Bf4 g5 17. Bd2 Nde5 18. Nxe5 Nxe5 19. cxd4 cxd4 20. Rec1 Qd7 21. Bf1 Kh8 22. a3 Rxc1 23. Rxc1 f6 24. Qd1 b6 25. b4 Rg8 26. Rc2 b5 27. Bc1 Ra8 28. Qh5 Ng6 29. Bb2 a5 30. bxa5 Bd8 31. Kh1 Bxa5 32. Qf3 Rf8 33. Qd1 Kg7 34. Be2 Qd6 35. Qc1 Ne5 36. Kg1 Bb6 37. Kg2 Ra8 38. Kh1 1/2-1/2

[Event "BI-2015-P-0000"]
[Site "LSS email"]
[Date "2015.04.16"]
[Round "?"]
[White "Bauer, Rudolf"]
[Black "O'Toole, Roger"]
[Result "0-1"]
[WhiteElo "1767"]
[BlackElo "2401"]
[PlyCount "36"]
[EventDate "2015.04.22"]
[EventType "tourn (corr)"]
[EventRounds "10"]
[EventCountry "GER"]
[SourceTitle "Corr 2022"]
[Source "ChessBase"]
[SourceDate "2021.10.24"]
[SourceVersion "1"]
[SourceVersionDate "2021.10.24"]
[SourceQuality "1"]

1. e4 e5 2. Nf3 Nc6 3. Bb5 a6 4. Bxc6 dxc6 5. 0-0 Bg4 6. d3 Qf6 7. Nbd2 Ne7 8. Qe1 Ng6 9. a3 Nf4 10. Kh1 Bd6 11. Qe3 0-0 12. h3 Be6 13. Nh2 Qg6 14. Rg1 b6 15. Ndf3 a5 16. Qe1 c5 17. a4 c4 18. Bxf4 exf4 0-1

[Event "BI-2015-P-0000"]
[Site "LSS email"]
[Date "2015.04.16"]
[Round "?"]
[White "Brueckner, Helmut"]
[Black "O'Toole, Roger"]
[Result "1/2-1/2"]
[WhiteElo "1698"]
[BlackElo "2401"]
[PlyCount "51"]
[EventDate "2015.04.22"]
[EventType "tourn (corr)"]
[EventRounds "10"]
[EventCountry "GER"]
[SourceTitle "Corr 2022"]
[Source "ChessBase"]
[SourceDate "2021.10.24"]
[SourceVersion "1"]
[SourceVersionDate "2021.10.24"]
[SourceQuality "1"]

1. e4 c5 2. Nf3 d6 3. d4 cxd4 4. Nxd4 Nf6 5. Nc3 a6 6. Be3 e5 7. Nb3 Be6 8. f3 h5 9. Nd5 Bxd5 10. exd5 Nbd7 11. Qd2 g6 12. Na5 Qc7 13. c4 Bg7 14. Be2 e4 15. Rc1 exf3 16. gxf3 0-0 17. 0-0 Rfe8 18. b4 Rxe3 19. Qxe3 Re8 20. Qd2 Qb6+ 21. Kh1 Bh6 22. f4 Ne4 23. Qe1 Nef6 24. Qd2 Ne4 25. Qe1 Nef6 26. Qd2 1/2-1/2

[Event "BI-2015-P-0000"]
[Site "LSS email"]
[Date "2015.04.16"]
[Round "?"]
[White "O'Toole, Roger"]
[Black "Miquel, Indalecio"]
[Result "1-0"]
[WhiteElo "2401"]
[BlackElo "1334"]
[PlyCount "47"]
[EventDate "2015.04.22"]
[EventType "tourn (corr)"]
[EventRounds "10"]
[EventCountry "GER"]
[SourceTitle "Corr 2022"]
[Source "ChessBase"]
[SourceDate "2021.10.24"]
[SourceVersion "1"]
[SourceVersionDate "2021.10.24"]
[SourceQuality "1"]

1. e4 c5 2. Nf3 d6 3. d4 cxd4 4. Nxd4 Nf6 5. Nc3 a6 6. Be3 e6 7. f3 Be7 8. Qd2 Nc6 9. 0-0-0 0-0 10. g4 Nxd4 11. Bxd4 Nd7 12. h4 b5 13. g5 b4 14. Na4 Qa5 15. b3 Bb7 16. a3 d5 17. g6 fxg6 18. Bh3 e5 19. h5 exd4 20. Be6+ Rf7 21. hxg6 hxg6 22. Qf4 Bf6 23. Rh8+ Kxh8 24. Bxf7 1-0

[Event "BI-2015-P-0000"]
[Site "LSS email"]
[Date "2015.04.16"]
[Round "?"]
[White "Zavrazhnov, Andrej"]
[Black "O'Toole, Roger"]
[Result "1/2-1/2"]
[WhiteElo "2333"]
[BlackElo "2401"]
[PlyCount "68"]
[EventDate "2015.04.22"]
[EventType "tourn (corr)"]
[EventRounds "10"]
[EventCountry "GER"]
[SourceTitle "Corr 2022"]
[Source "ChessBase"]
[SourceDate "2021.10.24"]
[SourceVersion "1"]
[SourceVersionDate "2021.10.24"]
[SourceQuality "1"]

1. e4 c5 2. Nf3 d6 3. d4 cxd4 4. Nxd4 Nf6 5. Nc3 a6 6. Be3 e5 7. Nb3 Be6 8. Qd2 Nbd7 9. 0-0-0 Be7 10. f4 b5 11. h3 0-0 12. g4 b4 13. Nd5 Bxd5 14. exd5 a5 15. fxe5 Nxe5 16. Qg2 a4 17. Nd4 Ra5 18. Nc6 Nxc6 19. dxc6 a3 20. g5 Nh5 21. Rg1 d5 22. Bc4 Bc5 23. Bxc5 Rxc5 24. Bxd5 Qb8 25. Qf2 Qf4+ 26. Qxf4 Nxf4 27. Bf3 Nxh3 28. Rg2 Nxg5 29. Rd5 Rxd5 30. Bxd5 Ne6 31. Rg4 Nc7 32. Bc4 Rc8 33. c3 h5 34. Re4 axb2+ 1/2-1/2

[Event "RM-2015-0-00154"]
[Site "LSS email"]
[Date "2015.03.30"]
[Round "?"]
[White "Bormida, Adolfo"]
[Black "O'Toole, Roger"]
[Result "1/2-1/2"]
[WhiteElo "2371"]
[BlackElo "2368"]
[PlyCount "51"]
[EventDate "2014.11.02"]
[EventType "tourn (corr)"]
[EventRounds "6"]
[EventCountry "GER"]
[SourceTitle "Corr 2022"]
[Source "ChessBase"]
[SourceDate "2021.10.24"]
[SourceVersion "1"]
[SourceVersionDate "2021.10.24"]
[SourceQuality "1"]

1. e4 c5 2. Nc3 Nc6 3. f4 g6 4. Nf3 Bg7 5. Bb5 Nd4 6. 0-0 a6 7. Bd3 d6 8. Nxd4 cxd4 9. Ne2 Nf6 10. Kh1 e5 11. c3 0-0 12. Bc2 Bg4 13. Qe1 Rc8 14. d3 Nh5 15. f5 d5 16. Bb3 dxe4 17. dxe4 gxf5 18. exf5 Kh8 19. f6 Nxf6 20. Bg5 Qb6 21. cxd4 Ne4 22. Be7 Rfe8 23. Nc3 Nxc3 24. bxc3 Rxe7 25. Qh4 Rec7 26. Qxg4 1/2-1/2

[Event "RM-2015-0-00154"]
[Site "LSS email"]
[Date "2015.03.30"]
[Round "?"]
[White "O'Toole, Roger"]
[Black "Willmann, Bernd"]
[Result "1/2-1/2"]
[WhiteElo "2368"]
[BlackElo "2207"]
[PlyCount "111"]
[EventDate "2014.11.02"]
[EventType "tourn (corr)"]
[EventRounds "6"]
[EventCountry "GER"]
[SourceTitle "Corr 2022"]
[Source "ChessBase"]
[SourceDate "2021.10.24"]
[SourceVersion "1"]
[SourceVersionDate "2021.10.24"]
[SourceQuality "1"]

1. e4 e5 2. Nf3 Nc6 3. Bb5 Nf6 4. 0-0 Nxe4 5. d4 Nd6 6. Bxc6 dxc6 7. dxe5 Nf5 8. Qxd8+ Kxd8 9. h3 Be6 10. g4 Ne7 11. Ng5 h5 12. Nxe6+ fxe6 13. Nd2 Kd7 14. Ne4 Re8 15. Bg5 Ng6 16. Rad1+ Kc8 17. f4 Be7 18. Kg2 Bxg5 19. Nxg5 Rhf8 20. Rd4 c5 21. Re4 b6 22. a3 a5 23. c3 Re7 24. b4 hxg4 25. hxg4 axb4 26. axb4 cxb4 27. cxb4 Kb7 28. b5 Ra8 29. Rb4 Ra3 30. Rd1 Nh4+ 31. Kf2 Ng6 32. Rd2 Nf8 33. Rdd4 Ra2+ 34. Ke3 Ra1 35. Ra4 Re1+ 36. Kf2 Rb1 37. Rdb4 Rxb4 38. Rxb4 Nd7 39. Ne4 Re8 40. Ke3 Ra8 41. Rd4 Nc5 42. f5 Ra3+ 43. Ke2 Ra2+ 44. Nd2 exf5 45. gxf5 c6 46. Rg4 cxb5 47. Rxg7+ Kc6 48. f6 Ra8 49. Re7 Kd5 50. f7 Rf8 51. Kd1 b4 52. Kc2 b3+ 53. Kc3 b2 54. Kc2 Na4 55. e6 Nc5 56. Kxb2 1/2-1/2

[Event "SM-2014-0-00302"]
[Site "LSS email"]
[Date "2014.11.25"]
[Round "?"]
[White "Osipov, Anatoly Vladimirovi"]
[Black "O'Toole, Roger"]
[Result "1/2-1/2"]
[WhiteElo "2283"]
[BlackElo "2299"]
[PlyCount "67"]
[EventDate "2014.07.30"]
[EventType "tourn (corr)"]
[EventRounds "6"]
[EventCountry "GER"]
[SourceTitle "Corr 2022"]
[Source "ChessBase"]
[SourceDate "2021.10.24"]
[SourceVersion "1"]
[SourceVersionDate "2021.10.24"]
[SourceQuality "1"]

1. e4 c5 2. Nf3 d6 3. d4 cxd4 4. Nxd4 Nf6 5. Nc3 a6 6. Be3 e5 7. Nb3 Be6 8. h3 Be7 9. Qf3 Nbd7 10. g4 h6 11. 0-0-0 Rc8 12. Nd5 Nf8 13. c3 Ng6 14. Kb1 b5 15. Nxe7 Qxe7 16. g5 hxg5 17. Bxg5 Qc7 18. Bxf6 gxf6 19. Qxf6 Rh4 20. Qf3 b4 21. Bxa6 bxc3 22. Qxc3 Qxc3 23. bxc3 Rxc3 24. Rxd6 Ke7 25. Rd3 Rc6 26. Bb5 Rb6 27. a4 Rxe4 28. Rc3 Rf4 29. Rf1 Nh4 30. Kc1 Nf3 31. Rd1 Bxb3 32. Rxb3 Nd4 33. Rb2 f5 34. Kb1 1/2-1/2

[Event "SM-2014-0-00302"]
[Site "LSS email"]
[Date "2014.11.25"]
[Round "?"]
[White "Sherwood, Russell"]
[Black "O'Toole, Roger"]
[Result "1/2-1/2"]
[WhiteElo "2218"]
[BlackElo "2299"]
[PlyCount "68"]
[EventDate "2014.07.30"]
[EventType "tourn (corr)"]
[EventRounds "6"]
[EventCountry "GER"]
[SourceTitle "Corr 2022"]
[Source "ChessBase"]
[SourceDate "2021.10.24"]
[SourceVersion "1"]
[SourceVersionDate "2021.10.24"]
[SourceQuality "1"]

1. e4 c5 2. Nf3 d6 3. d4 cxd4 4. Nxd4 Nf6 5. Nc3 a6 6. Be3 e5 7. Nb3 Be6 8. f3 Be7 9. Qd2 0-0 10. 0-0-0 Nbd7 11. g4 b5 12. g5 b4 13. Ne2 Ne8 14. f4 a5 15. f5 a4 16. Nbd4 exd4 17. Nxd4 b3 18. Kb1 bxc2+ 19. Nxc2 Bb3 20. axb3 axb3 21. Na3 Ne5 22. h4 Ra4 23. Bd4 Nf3 24. Qc3 Nxd4 25. Rxd4 Rxd4 26. Qxd4 d5 27. Qxd5 Qb6 28. Bc4 Bxa3 29. bxa3 Nd6 30. g6 hxg6 31. fxg6 Nxc4 32. gxf7+ Rxf7 33. Qxc4 Qf2 34. Qxb3 Kh7 1/2-1/2

[Event "RM-2014-0-00148"]
[Site "LSS email"]
[Date "2014.09.21"]
[Round "?"]
[White "Martin Gonzalez, Angel"]
[Black "O'Toole, Roger"]
[Result "1/2-1/2"]
[WhiteElo "2290"]
[BlackElo "2266"]
[PlyCount "74"]
[EventDate "2014.08.01"]
[EventType "tourn (corr)"]
[EventRounds "6"]
[EventCountry "GER"]
[SourceTitle "Corr 2015"]
[Source "ChessBase"]
[SourceDate "2015.07.17"]
[SourceVersion "1"]
[SourceVersionDate "2015.07.17"]
[SourceQuality "1"]

1. e4 c5 2. Nf3 d6 3. d4 cxd4 4. Nxd4 Nf6 5. Nc3 a6 6. Bg5 e6 7. f4 Qb6 8. Qd2 Qxb2 9. Rb1 Qa3 10. e5 h6 11. Bh4 dxe5 12. fxe5 g5 13. exf6 gxh4 14. Be2 Qa5 15. 0-0 Nd7 16. Kh1 Qg5 17. Qe1 h3 18. gxh3 Qe5 19. Qf2 Rg8 20. Rfe1 Qxf6 21. Bf3 Be7 22. Ne4 Qh4 23. Nd6+ Kf8 24. Qxh4 Bxh4 25. Rf1 Bf6 26. c3 Ke7 27. Nxc8+ Raxc8 28. Rxb7 Bxd4 29. cxd4 Rc2 30. d5 Rd2 31. dxe6 fxe6 32. Ra7 Rc8 33. a4 Rcc2 34. Kg1 Rxh2 35. Rd1 Rhd2 36. Rxd2 Rxd2 37. a5 Kf6 1/2-1/2

[Event "RM-2014-0-00148"]
[Site "LSS email"]
[Date "2014.09.21"]
[Round "?"]
[White "O'Toole, Roger"]
[Black "Ortiz, Manuel"]
[Result "1-0"]
[WhiteElo "2266"]
[BlackElo "2150"]
[PlyCount "47"]
[EventDate "2014.08.01"]
[EventType "tourn (corr)"]
[EventRounds "6"]
[EventCountry "GER"]
[SourceTitle "Corr 2015"]
[Source "ChessBase"]
[SourceDate "2015.07.17"]
[SourceVersion "1"]
[SourceVersionDate "2015.07.17"]
[SourceQuality "1"]

1. e4 e6 2. d4 d5 3. Nc3 Nf6 4. e5 Nfd7 5. f4 c5 6. Nf3 Nc6 7. Be3 Be7 8. Qd2 0-0 9. dxc5 Bxc5 10. 0-0-0 Qa5 11. a3 a6 12. Bxc5 Qxc5 13. Bd3 Re8 14. Ne2 b5 15. Ned4 Nxd4 16. Nxd4 Qb6 17. Rhf1 Kh8 18. Qe3 b4 19. a4 Nc5 20. Rf3 b3 21. Rh3 h6 22. c3 Nxd3+ 23. Rxd3 Qa5 24. f5 1-0

[Event "RM-2014-0-00148"]
[Site "LSS email"]
[Date "2014.09.21"]
[Round "?"]
[White "Szabo, Mihaly"]
[Black "O'Toole, Roger"]
[Result "1/2-1/2"]
[WhiteElo "2265"]
[BlackElo "2266"]
[PlyCount "60"]
[EventDate "2014.08.01"]
[EventType "tourn (corr)"]
[EventRounds "6"]
[EventCountry "GER"]
[SourceTitle "Corr 2015"]
[Source "ChessBase"]
[SourceDate "2015.07.17"]
[SourceVersion "1"]
[SourceVersionDate "2015.07.17"]
[SourceQuality "1"]

1. d4 Nf6 2. Nf3 e6 3. c4 b6 4. a3 Bb7 5. Nc3 d5 6. cxd5 Nxd5 7. Qc2 Nxc3 8. bxc3 Nd7 9. e4 c5 10. Bf4 cxd4 11. cxd4 Rc8 12. Qb3 Be7 13. Bd3 Nf6 14. Qb5+ Bc6 15. Qb1 0-0 16. 0-0 b5 17. Bd2 h6 18. Re1 a6 19. Ra2 Qc7 20. Ne5 Qb6 21. a4 Qxd4 22. Nxc6 Rxc6 23. axb5 axb5 24. Be3 Qd6 25. Bxb5 Rcc8 26. f3 Rb8 27. Rb2 Qe5 28. Kh1 Rfc8 29. g3 g5 30. Rd1 Bc5 1/2-1/2

[Event "RM-2014-0-00146"]
[Site "LSS email"]
[Date "2014.09.01"]
[Round "?"]
[White "O'Toole, Roger"]
[Black "Szabo, Vilmos"]
[Result "1/2-1/2"]
[WhiteElo "2249"]
[BlackElo "2276"]
[PlyCount "77"]
[EventDate "2014.07.18"]
[EventType "tourn (corr)"]
[EventRounds "6"]
[EventCountry "GER"]
[SourceTitle "Corr 2015"]
[Source "ChessBase"]
[SourceDate "2015.07.17"]
[SourceVersion "1"]
[SourceVersionDate "2015.07.17"]
[SourceQuality "1"]

1. e4 d6 2. d4 Nf6 3. Nc3 Nc6 4. Nf3 Bg4 5. Be3 e5 6. d5 Ne7 7. h3 Bd7 8. Qd3 a6 9. Be2 b5 10. a3 Ng6 11. g3 Be7 12. 0-0-0 0-0 13. h4 h5 14. Nd2 Qb8 15. Bg5 Ng4 16. Rdf1 Qb7 17. Nd1 c5 18. dxc6 Bxc6 19. Nc3 Rfc8 20. Nd5 Bxd5 21. exd5 b4 22. Qb3 Qc7 23. axb4 a5 24. b5 a4 25. Qc3 Qb7 26. Qb4 a3 27. bxa3 Qxd5 28. Bc4 Qb7 29. Qb3 Rxc4 30. Qxc4 d5 31. Qc6 Bxa3+ 32. Kd1 Qxc6 33. bxc6 Bc5 34. c4 Nxf2+ 35. Rxf2 Bxf2 36. cxd5 f6 37. Ke2 Bxg3 38. Be3 Ne7 39. d6 1/2-1/2